000 00531cam a2200217 4500
001 D1761
008 090401t1980 xxu||||| |||| 00| 0 eng d
035 _a(Sirsi) u65628
041 _aeng
050 _a333.332
100 _aBritton, William
245 _aModern methods of valuation of land, houses and buildings
250 _a7th
260 _aLondon
_bEstates Gazette
_c1980
300 _axvii. 605p. 22cm
350 _a10
700 _aDavies, Keith
700 _aJohnson, Tony
942 _n0
948 _c04/03/1997
999 _c94777
_d94777